000 01549cam a22004097a 4500
003 CHAP
005 20220329142612.0
008 020327d2002 mx bd r 00110 spa d
010 _a85531
011 _a86503
035 _a97041
040 _cCHAP
090 _aTesis
100 0 0 _aHernández Fuentes, Elodia.
_954021
245 1 0 _aRelación entre la producción de sedimentos y la erosión en la cuenca alta del río Papaloapan
_c/por Elodia Hernández Fuentes
260 _aChapingo, Méx. :
_bEl autor,
_c2002
300 _a139 h. :
_bgráfs. ; mapas ; cuadros
502 _aTesis (Ing. en Planeación y Manejo de los Recursos Naturales Renovables) -- UACH. Departamento de Suelos
590 _aALEPH
_b10
_c20130110
_lUCH01
_h1447
590 _aBATCH-UPD
_b10
_c20130110
_lUCH01
_h0033
590 _aBATCH-UPD
_b10
_c20130110
_lUCH01
_h0550
590 _aBATCH-UPD
_b10
_c20130110
_lUCH01
_h2237
590 _aBATCH-UPD
_b10
_c20130409
_lUCH01
_h2016
590 _aBATCH-UPD
_b10
_c20130410
_lUCH01
_h1331
590 _aBATCH-UPD
_b10
_c20130914
_lUCH01
_h1111
590 _aCONVERSION
_b10
_c20130109
_lUCH01
_h1347
650 1 4 _aCuenca del Papaloapan.
_930032
650 1 4 _aErosión.
_937335
650 1 4 _aEscurrimiento.
_937675
650 1 4 _aRío Papaloapan.
_999134
650 1 4 _aSedimentación y deposición.
_9103571
901 _aBK
905 _aMarco A. Mendoza T.
942 _cFOLL
949 _aTesis
_bBC
_cTES
_d33724000850434
_eTS2
_fc.2
_gDonaciØn
_h39395
_i97041
_si
949 _aTesis
_bBC
_cTES
_d970411
_eTS1
_gDonaciØn
_h39394
_i97041
_sb
999 _c85531
_d85531